ARRUPE JESUIT UNIVERSITY

CORONAVIRUS -STOP THE SPREAD - CLEAN,DISINFECT,COVER

Domination or Dialogue? (Record no. 18018)

MARC details
000 -LEADER
fixed length control field 00625nam a2200205Ia 4500
003 - CONTROL NUMBER IDENTIFIER
control field 0100
008 - FIXED-LENGTH DATA ELEMENTS--GENERAL INFORMATION
fixed length control field 130303s9999 xx 000 0 und d
040 ## - CATALOGING SOURCE
Transcribing agency ARRUPELIB
050 ## - LIBRARY OF CONGRESS CALL NUMBER
Classification number HC800.D657 1996
300 ## - PHYSICAL DESCRIPTION
Other physical details 28cm.
100 ## - MAIN ENTRY--PERSONAL NAME
Personal name Havnevik, Kjell ; Arkadie, Brian Van eds.
245 ## - TITLE STATEMENT
Title Domination or Dialogue?
245 ## - TITLE STATEMENT
Remainder of title experiences and prospects for African Development Cooperation
260 ## - PUBLICATION, DISTRIBUTION, ETC. (IMPRINT)
Place of publication, distribution, etc Motala, Sweden
260 ## - PUBLICATION, DISTRIBUTION, ETC. (IMPRINT)
Name of publisher, distributor, etc Nordiska Afrikainstitutet
260 ## - PUBLICATION, DISTRIBUTION, ETC. (IMPRINT)
-- 1996
300 ## - PHYSICAL DESCRIPTION
Extent 130p.
650 ## - SUBJECT ADDED ENTRY--TOPICAL TERM
Topical term following geographic name as entry element Apartheid in Literature Race Relations in Literature South Africa-Politics and Government
942 00 - ADDED ENTRY ELEMENTS (KOHA)
Koha issues (borrowed), all copies 1
Holdings
Withdrawn status Lost status Source of classification or shelving scheme Damaged status Not for loan Collection code Home library Current library Date acquired Total Checkouts Full call number Barcode Date last seen Date checked out Copy number Price effective from Koha item type
    Library of Congress Classification     Main Collection ARRUPE LIBRARY ARRUPE LIBRARY 04/03/2013 1 HC800.D657 1996 46600001798 23/04/2018 03/11/2014 1 04/03/2013 Monograph ( Printed materials)

 

Arrupe Library. PO Box MP320 Mt Pleasant, Harare, Zimbabwe
263 242 745411|librarian@aju.ac.zw